|
|
|
|
| LEADER |
00000naa0a2200000 4500 |
| 001 |
140579 |
| 005 |
20250307091709.0 |
| 010 |
|
|
|a 9780387402123
|
| 035 |
|
|
|a (RuTPU)RU\TPU\book\152299
|
| 090 |
|
|
|a 140579
|
| 100 |
|
|
|a 20080702d2007 k||y0rusy50 ba
|
| 101 |
0 |
|
|a eng
|
| 102 |
|
|
|a US
|
| 105 |
|
|
|a a z 000zy
|
| 200 |
1 |
|
|a Distant Worlds. Milestones in Planetary Exploration
|f P. Bond
|
| 210 |
|
|
|a New York
|c Praxis Publishing
|d 2007
|
| 215 |
|
|
|a 325 p.
|c il.
|
| 610 |
1 |
|
|a астрономия
|
| 610 |
1 |
|
|a планеты
|
| 610 |
1 |
|
|a планетология
|
| 610 |
1 |
|
|a планетарные исследования
|
| 610 |
1 |
|
|a межпланетная среда
|
| 610 |
1 |
|
|a кометы
|
| 610 |
1 |
|
|a метеоры
|
| 610 |
1 |
|
|a английский язык
|
| 675 |
|
|
|a 523.4
|v 3
|
| 700 |
|
1 |
|a Bond
|b P.
|g Peter
|
| 801 |
|
1 |
|a RU
|b 63413507
|c 20080702
|g PSBO
|
| 801 |
|
2 |
|a RU
|b 63413507
|c 20080714
|g PSBO
|
| 942 |
|
|
|c CF
|